| 000 | 00648nam a22002417a 4500 | ||
|---|---|---|---|
| 005 | 20170124105950.0 | ||
| 010 | _aA-608334 | ||
| 020 | _c100.00 | ||
| 035 | _aA-608334 | ||
| 037 | _bCen Lib/Ret | ||
| 040 |
_aDPL _bEN |
||
| 082 |
_a291 _bULF |
||
| 100 |
_aUlfat Aziz-us-Samad _913403 |
||
| 245 |
_aGreat religion of the world / _cby Ulfat Aziz-us-Samad |
||
| 260 |
_aBombay _bDar-ul-ishaat-kutub-e-islamia _c1976 |
||
| 270 |
_bBombay _aFatmabai cort |
||
| 300 |
_a236p. _c20cm(Hb) |
||
| 500 | _aIncludes index | ||
| 650 |
_aHinduism _913404 |
||
| 650 |
_aIslam _95289 |
||
| 700 | _95422 | ||
| 942 |
_2ddc _cEN _h291 _mULF |
||
| 999 |
_c125218 _d125218 |
||